[Event "44th Chess Olympiad Open 2022"]
[Site "Chennai"]
[Date "2022.07.30"]
[Round "2.2"]
[White "Dominguez Perez, Leinier"]
[Black "Cubas, Jose Fernando"]
[Result "1-0"]
[WhiteElo "2754"]
[BlackElo "2451"]
[Annotator "TA"]
[PlyCount "61"]
[EventDate "2022.07.29"]
[EventType "team-tourn"]
[EventCountry "IND"]
[SourceTitle "playchess.com"]
[Source "ChessBase"]
[SourceQuality "1"]
[WhiteTeam "United States"]
[BlackTeam "Paraguay"]
[WhiteTeamCountry "USA"]
[BlackTeamCountry "PAR"]

1. e4 c5 2. Nf3 Nc6 3. d4 cxd4 4. Nxd4 e5 5. Nb5 d6 6. c4 Be7 7. N5c3 Nf6 8.
Na3 O-O 9. Nc2 Be6 10. Be2 Rc8 11. O-O a6 12. Be3 Nd7 13. Qd2 Nc5 14. b4 Nd7
15. Nd5 f5 16. exf5 Bxf5 17. b5 Ncb8 18. Ncb4 Nc5 19. f3 h6 20. Nxe7+ Qxe7 21.
Rad1 a5 22. Nd5 Qd8 23. Nc3 Ne6 24. Qd5 Re8 25. Qxb7 Nf4 26. Bxf4 exf4 27. Qd5+
Be6 28. Qd4 Nd7 29. Ne4 Bf7 30. Rf2 Re5 31. Nxd6 1-0

[Event "44th Chess Olympiad Open 2022"]
[Site "Chennai"]
[Date "2022.07.30"]
[Round "2.2"]
[White "Delgado Ramirez, Neuris"]
[Black "So, Wesley"]
[Result "1/2-1/2"]
[WhiteElo "2614"]
[BlackElo "2773"]
[Annotator "TA"]
[PlyCount "98"]
[EventDate "2022.07.29"]
[EventType "team-tourn"]
[EventCountry "IND"]
[SourceTitle "playchess.com"]
[Source "ChessBase"]
[SourceQuality "1"]
[WhiteTeam "Paraguay"]
[BlackTeam "United States"]
[WhiteTeamCountry "PAR"]
[BlackTeamCountry "USA"]

1. e4 e5 2. Nf3 Nc6 3. Nc3 Nf6 4. Bb5 Bb4 5. Bxc6 dxc6 6. d3 Qe7 7. h3 h6 8.
Bd2 Bd6 9. Ne2 Be6 10. Ng3 O-O-O 11. Qe2 g6 12. a3 Nd7 13. Bc3 f6 14. h4 h5 15.
Nf1 c5 16. Ne3 Nb8 17. Bd2 Nc6 18. c4 Qf7 19. Bc3 a5 20. Qc2 b6 21. Nd5 Kb7 22.
Rb1 Ra8 23. O-O a4 24. b4 axb3 25. Rxb3 Ra6 26. Nd2 Rha8 27. Rfb1 Kc8 28. Bb2
Qf8 29. f4 exf4 30. Bxf6 Bxd5 31. cxd5 Qxf6 32. dxc6 Rxa3 33. Nf3 Be7 34. Rxa3
Rxa3 35. Qc1 Ra8 36. d4 Qxc6 37. d5 Qd6 38. Qc3 Ra4 39. Re1 c4 40. Rd1 b5 41.
Qh8+ Qd8 42. Qg7 Ra6 43. e5 Bc5+ 44. Kh2 Qf8 45. Qh7 Qe7 46. Qg8+ Qd8 47. Qf7
Qf8 48. Qh7 Qe7 49. Qg8+ Qf8 1/2-1/2

[Event "44th Chess Olympiad Open 2022"]
[Site "Chennai"]
[Date "2022.07.30"]
[Round "2.2"]
[White "Zacarias, M Ruben D"]
[Black "Shankland, Sam"]
[Result "1/2-1/2"]
[WhiteElo "2175"]
[BlackElo "2720"]
[Annotator "TA"]
[PlyCount "64"]
[EventDate "2022.07.29"]
[EventType "team-tourn"]
[EventCountry "IND"]
[SourceTitle "playchess.com"]
[Source "ChessBase"]
[SourceQuality "1"]
[WhiteTeam "Paraguay"]
[BlackTeam "United States"]
[WhiteTeamCountry "PAR"]
[BlackTeamCountry "USA"]

1. e4 c5 2. Nf3 d6 3. Bb5+ Nd7 4. a4 Ngf6 5. Nc3 a6 6. Be2 b6 7. d4 cxd4 8.
Qxd4 Bb7 9. Bg5 h6 10. Bxf6 Nxf6 11. Nd2 e5 12. Qe3 Be7 13. O-O O-O 14. Rfd1
Qc7 15. Nc4 Nd7 16. Nxd6 Bxd6 17. Qd3 Bb4 18. Qxd7 Rac8 19. Na2 Bc5 20. Qxc7
Rxc7 21. Bd3 g6 22. Nc3 f5 23. exf5 gxf5 24. Bc4+ Kg7 25. Bd5 Bd4 26. Bxb7 Rxb7
27. Ra3 Rc8 28. Rb3 Bxc3 29. bxc3 Rc4 30. a5 b5 31. Rd6 Ra7 32. Rb4 Rxc3
1/2-1/2

[Event "44th Chess Olympiad Open 2022"]
[Site "Chennai"]
[Date "2022.07.30"]
[Round "2.3"]
[White "Hammer, Jon Ludvig"]
[Black "Diaz Hollemaert, Nahuel"]
[Result "*"]
[WhiteElo "2638"]
[BlackElo "2425"]
[Annotator "TA"]
[PlyCount "140"]
[EventDate "2022.07.29"]
[EventType "team-tourn"]
[EventCountry "IND"]
[SourceTitle "playchess.com"]
[Source "ChessBase"]
[SourceQuality "1"]
[WhiteTeam "Norway"]
[BlackTeam "Uruguay"]
[WhiteTeamCountry "NOR"]
[BlackTeamCountry "URU"]

1. e4 e5 2. Nf3 Nc6 3. Bb5 a6 4. Ba4 Nf6 5. O-O Be7 6. Re1 b5 7. Bb3 d6 8. c3
O-O 9. h3 Nb8 10. d4 Nbd7 11. c4 c6 12. Nc3 Bb7 13. a3 Qb8 14. g4 Nb6 15. cxb5
axb5 16. Bg5 Re8 17. dxe5 dxe5 18. Nh4 h6 19. Be3 Nc4 20. Bxc4 bxc4 21. Nf5 Bf8
22. Qf3 Bc8 23. Re2 Nd7 24. h4 Nc5 25. Bxc5 Bxc5 26. g5 Bf8 27. Kh1 h5 28. Rg1
g6 29. Nh6+ Bxh6 30. gxh6 Qd6 31. Qxh5 Qf6 32. Rg3 Ra7 33. Qg5 Qe7 34. Kg2 Kh7
35. Rd2 Rg8 36. Rf3 Rb7 37. Rf6 Be6 38. Kh2 Qf8 39. Na4 Ra7 40. Nc3 Qxh6 41.
Rf3 Qxg5 42. hxg5 Kg7 43. Rg3 Raa8 44. f3 Rgd8 45. Rxd8 Rxd8 46. Rg1 Rd2+ 47.
Rg2 Rd3 48. Kg3 f6 49. Na4 Bf7 50. Nc5 Rd1 51. Kg4 Rd4 52. Rc2 Rd1 53. gxf6+
Kxf6 54. Kg3 Ke7 55. Kf2 Kd6 56. Na4 g5 57. Ke2 Rd4 58. Nb6 Kc7 59. Na4 Kd6 60.
Ke3 Bh5 61. Rc3 Bg6 62. Nb6 Kc5 63. Nc8 Rd7 64. Rxc4+ Kb5 65. Rb4+ Kc5 66. Rc4+
Kb5 67. b3 Bf7 68. a4+ Ka6 69. Rxc6+ Kb7 70. Rc3 Be6 *

[Event "44th Chess Olympiad Open 2022"]
[Site "Chennai"]
[Date "2022.07.30"]
[Round "2.3"]
[White "Hoffman, Alejandro"]
[Black "Tari, Aryan"]
[Result "0-1"]
[WhiteElo "2390"]
[BlackElo "2672"]
[Annotator "TA"]
[PlyCount "72"]
[EventDate "2022.07.29"]
[EventType "team-tourn"]
[EventCountry "IND"]
[SourceTitle "playchess.com"]
[Source "ChessBase"]
[SourceQuality "1"]
[WhiteTeam "Uruguay"]
[BlackTeam "Norway"]
[WhiteTeamCountry "URU"]
[BlackTeamCountry "NOR"]

1. d4 Nf6 2. c4 e6 3. Nf3 d5 4. e3 Be7 5. Nbd2 O-O 6. b3 c5 7. Bb2 cxd4 8. exd4
b6 9. Bd3 Nc6 10. O-O Nb4 11. Bb1 Bb7 12. Re1 Rc8 13. a3 Nc6 14. Ba2 Re8 15.
Nf1 Bf8 16. Ne3 Ne7 17. Rc1 Ng6 18. g3 Rc7 19. h4 Qa8 20. Nh2 h5 21. Bb1 Rec8
22. Bd3 Ne7 23. c5 g6 24. b4 Bg7 25. Nf3 Ne4 26. Qe2 Nf5 27. Nxf5 exf5 28. Ne5
Re7 29. c6 Bxc6 30. Nxc6 Rxc6 31. Rxc6 Qxc6 32. f3 Qd6 33. fxe4 Qxg3+ 34. Kh1
fxe4 35. Bb5 Qxh4+ 36. Kg2 e3 0-1

[Event "44th Chess Olympiad Open 2022"]
[Site "Chennai"]
[Date "2022.07.30"]
[Round "2.4"]
[White "Vallejo Pons, Francisco"]
[Black "Docx, Stefan"]
[Result "1-0"]
[WhiteElo "2702"]
[BlackElo "2434"]
[Annotator "TA"]
[PlyCount "77"]
[EventDate "2022.07.29"]
[EventType "team-tourn"]
[EventCountry "IND"]
[SourceTitle "playchess.com"]
[Source "ChessBase"]
[SourceQuality "1"]
[WhiteTeam "Spain"]
[BlackTeam "Belgium"]
[WhiteTeamCountry "ESP"]
[BlackTeamCountry "BEL"]

1. e4 c5 2. Nf3 d6 3. d4 cxd4 4. Nxd4 Nf6 5. Nc3 g6 6. Be3 Bg7 7. Qd2 O-O 8.
Be2 Nc6 9. O-O-O Ng4 10. Bxg4 Bxg4 11. f3 Be6 12. Nd5 Rc8 13. h4 Bxd5 14. exd5
Nxd4 15. Bxd4 Bxd4 16. Qxd4 Qa5 17. Kb1 b5 18. h5 Qc7 19. Qd2 a5 20. Rh4 b4 21.
Rdh1 g5 22. Qxg5+ Kh8 23. Qd2 Rg8 24. Re4 f6 25. Rhe1 Rg5 26. Rxe7 Qc4 27. h6
Rcg8 28. b3 Rxd5 29. Qe3 Qh4 30. g4 Re5 31. Qd2 Rc8 32. R7xe5 dxe5 33. Rd1 Rg8
34. Qe3 Rc8 35. Qc5 Rg8 36. Qxa5 Qxh6 37. Qxb4 Qe3 38. Rd3 Qg1+ 39. Kb2 1-0

[Event "44th Chess Olympiad Open 2022"]
[Site "Chennai"]
[Date "2022.07.30"]
[Round "2.4"]
[White "Iturrizaga Bonelli, Eduardo"]
[Black "Lenaerts, Lennert"]
[Result "1-0"]
[WhiteElo "2619"]
[BlackElo "2379"]
[Annotator "TA"]
[PlyCount "73"]
[EventDate "2022.07.29"]
[EventType "team-tourn"]
[EventCountry "IND"]
[SourceTitle "playchess.com"]
[Source "ChessBase"]
[SourceQuality "1"]
[WhiteTeam "Spain"]
[BlackTeam "Belgium"]
[WhiteTeamCountry "ESP"]
[BlackTeamCountry "BEL"]

1. Nf3 d5 2. e3 Nf6 3. c4 e6 4. Nc3 a6 5. b3 Bd6 6. Bb2 b6 7. g3 Bb7 8. cxd5
exd5 9. Bg2 O-O 10. O-O Nbd7 11. Rc1 Rc8 12. d4 Re8 13. Bh3 c5 14. dxc5 bxc5
15. Nh4 Rc7 16. Bg2 Nb6 17. a4 Qa8 18. a5 Nbd7 19. Na4 Qd8 20. Rc2 Bc6 21. Qa1
Bb5 22. Rd1 Be5 23. Bxe5 Nxe5 24. Rxc5 Rxc5 25. Nxc5 Nc6 26. Nf5 Qxa5 27. Qxa5
Nxa5 28. Ra1 Nc6 29. Nd6 Rd8 30. Nxb5 axb5 31. Ra6 Ne5 32. Rb6 h5 33. Rxb5 d4
34. Nb7 d3 35. Rxe5 d2 36. Bf3 Ng4 37. Nxd8 1-0

[Event "44th Chess Olympiad Open 2022"]
[Site "Chennai"]
[Date "2022.07.30"]
[Round "2.4"]
[White "Maerevoet, Sim"]
[Black "Anton Guijarro, David"]
[Result "1/2-1/2"]
[WhiteElo "2409"]
[BlackElo "2667"]
[Annotator "TA"]
[PlyCount "104"]
[EventDate "2022.07.29"]
[EventType "team-tourn"]
[EventCountry "IND"]
[SourceTitle "playchess.com"]
[Source "ChessBase"]
[SourceQuality "1"]
[WhiteTeam "Belgium"]
[BlackTeam "Spain"]
[WhiteTeamCountry "BEL"]
[BlackTeamCountry "ESP"]

1. d4 Nf6 2. c4 g6 3. Nc3 d5 4. cxd5 Nxd5 5. e4 Nxc3 6. bxc3 Bg7 7. Qa4+ Nd7 8.
Nf3 O-O 9. Be2 Nb6 10. Qa3 Qd6 11. O-O Be6 12. d5 Bd7 13. Rb1 e6 14. c4 Qxa3
15. Bxa3 Rfe8 16. d6 cxd6 17. Bxd6 Bc6 18. e5 Nd7 19. c5 b6 20. cxb6 axb6 21.
a3 Rec8 22. Rbc1 Bd5 23. Bb5 Nc5 24. Rc3 Ne4 25. Rxc8+ Rxc8 26. Bb4 Nc3 27. Ba6
Ra8 28. Rc1 Na2 29. Rc8+ Rxc8 30. Bxc8 Nxb4 31. axb4 Bf8 32. b5 Kg7 33. Bd7 f6
34. Bc6 Ba2 35. h4 fxe5 36. Nxe5 Bd6 37. Nf3 h6 38. Nd2 Be7 39. g3 Kf6 40. Ne4+
Ke5 41. f3 Kd4 42. Kg2 Bc4 43. Be8 Bd3 44. Nf2 Be2 45. Ng4 h5 46. Nf2 Ke3 47.
Bc6 g5 48. g4 hxg4 49. Nxg4+ Kf4 50. h5 Bd3 51. Nf2 Bf5 52. Nh3+ Bxh3+ 1/2-1/2

[Event "44th Chess Olympiad Open 2022"]
[Site "Chennai"]
[Date "2022.07.30"]
[Round "2.5"]
[White "Wojtaszek, Radoslaw"]
[Black "Cardoso Cardoso, Jose Gabriel"]
[Result "1-0"]
[WhiteElo "2708"]
[BlackElo "2493"]
[Annotator "TA"]
[PlyCount "91"]
[EventDate "2022.07.29"]
[EventType "team-tourn"]
[EventCountry "IND"]
[SourceTitle "playchess.com"]
[Source "ChessBase"]
[SourceQuality "1"]
[WhiteTeam "Poland"]
[BlackTeam "Colombia"]
[WhiteTeamCountry "POL"]
[BlackTeamCountry "COL"]

1. d4 Nf6 2. c4 e6 3. Nf3 d5 4. g3 Bb4+ 5. Bd2 a5 6. Bg2 O-O 7. a3 Be7 8. Qc2
c6 9. O-O b6 10. Bf4 Nbd7 11. cxd5 cxd5 12. Nc3 Ba6 13. Rfc1 b5 14. a4 bxa4 15.
Qxa4 Nh5 16. Bc7 Qxc7 17. Nxd5 Qd8 18. Nxe7+ Qxe7 19. Rc7 Nhf6 20. Ne5 Rac8 21.
Ra7 Nb6 22. Rxe7 Nxa4 23. Bb7 Nd5 24. Bxc8 Nxe7 25. Bxa6 Nxb2 26. Rxa5 Ra8 27.
Rb5 Na4 28. Rb7 Ng6 29. Nc6 Rc8 30. Nb4 Nc3 31. Kg2 Rd8 32. Bd3 Nd5 33. Nxd5
exd5 34. h4 Nf8 35. Bb5 Ne6 36. e3 Kf8 37. g4 h6 38. f4 g6 39. Kf3 Rd6 40. Ba4
h5 41. gxh5 gxh5 42. Bb3 Ng7 43. Rb5 Nf5 44. Bxd5 Nxh4+ 45. Kf2 Nf5 46. Bf3 1-0

[Event "44th Chess Olympiad Open 2022"]
[Site "Chennai"]
[Date "2022.07.30"]
[Round "2.5"]
[White "Moranda, Wojciech"]
[Black "Sanchez, Sebastian Felipe"]
[Result "1/2-1/2"]
[WhiteElo "2636"]
[BlackElo "2440"]
[Annotator "TA"]
[PlyCount "61"]
[EventDate "2022.07.29"]
[EventType "team-tourn"]
[EventCountry "IND"]
[SourceTitle "playchess.com"]
[Source "ChessBase"]
[SourceQuality "1"]
[WhiteTeam "Poland"]
[BlackTeam "Colombia"]
[WhiteTeamCountry "POL"]
[BlackTeamCountry "COL"]

1. e4 e6 2. d4 d5 3. Nd2 c5 4. Ngf3 cxd4 5. Nxd4 Nc6 6. Bb5 Bd7 7. Nxc6 bxc6 8.
Bd3 Bd6 9. Qe2 e5 10. c4 Ne7 11. cxd5 cxd5 12. exd5 Nxd5 13. Be4 Nf4 14. Qa6
Bc7 15. Nc4 Rb8 16. Bxf4 exf4 17. O-O O-O 18. Rad1 f3 19. Bxf3 Bb5 20. Rxd8
Bxa6 21. Rxb8 Rxb8 22. Rc1 Bxc4 23. Rxc4 Rxb2 24. g3 Bd8 25. Re4 Kf8 26. Re2
Rxe2 27. Bxe2 Bb6 28. Bc4 Ke7 29. Kf1 h5 30. h4 g6 31. Ke2 1/2-1/2

[Event "44th Chess Olympiad Open 2022"]
[Site "Chennai"]
[Date "2022.07.30"]
[Round "2.5"]
[White "Avila Pavas, Santiago"]
[Black "Piorun, Kacper"]
[Result "0-1"]
[WhiteElo "2453"]
[BlackElo "2636"]
[Annotator "TA"]
[PlyCount "78"]
[EventDate "2022.07.29"]
[EventType "team-tourn"]
[EventCountry "IND"]
[SourceTitle "playchess.com"]
[Source "ChessBase"]
[SourceQuality "1"]
[WhiteTeam "Colombia"]
[BlackTeam "Poland"]
[WhiteTeamCountry "COL"]
[BlackTeamCountry "POL"]

1. e4 c6 2. d4 d5 3. e5 Bf5 4. Nf3 e6 5. Be2 Ne7 6. O-O Ng6 7. a4 Nd7 8. Ne1 h5
9. a5 f6 10. f4 h4 11. Be3 c5 12. c3 Qc7 13. a6 Rb8 14. axb7 Rxb7 15. Nd2 Rxb2
16. Nd3 Rb7 17. exf6 gxf6 18. dxc5 Nxc5 19. Nf3 Ne4 20. Nd4 Nxc3 21. Qe1 Kf7
22. Nxf5 exf5 23. Bf3 Ne4 24. Rc1 Qd7 25. Qa5 Be7 26. Rfd1 Qe6 27. Nf2 Rd8 28.
Qa4 Rd6 29. Qd4 Kg7 30. Nd3 Rdd7 31. Nf2 Bd8 32. Qa4 Rd6 33. Re1 Bb6 34. Bxb6
Rdxb6 35. Nd3 Qd6 36. Rc8 Rb1 37. Rcc1 Rxc1 38. Rxc1 Nxf4 39. Bxe4 fxe4 0-1

[Event "44th Chess Olympiad Open 2022"]
[Site "Chennai"]
[Date "2022.07.30"]
[Round "2.5"]
[White "Valderrama Quiceno, Esteban Alb"]
[Black "Bartel, Mateusz"]
[Result "1/2-1/2"]
[WhiteElo "2436"]
[BlackElo "2597"]
[Annotator "TA"]
[PlyCount "60"]
[EventDate "2022.07.29"]
[EventType "team-tourn"]
[EventCountry "IND"]
[SourceTitle "playchess.com"]
[Source "ChessBase"]
[SourceQuality "1"]
[WhiteTeam "Colombia"]
[BlackTeam "Poland"]
[WhiteTeamCountry "COL"]
[BlackTeamCountry "POL"]

1. Nf3 Nf6 2. g3 b5 3. Bg2 Bb7 4. O-O e6 5. d3 d6 6. c4 bxc4 7. dxc4 Nbd7 8.
Qc2 Be7 9. Nc3 O-O 10. Rd1 Qb8 11. b3 a5 12. e4 Rd8 13. Nd4 c5 14. Ndb5 Ne5 15.
Be3 Nc6 16. h3 e5 17. Rab1 Nd4 18. Qd3 h6 19. a4 Rf8 20. Kh2 Qd8 21. Rf1 Nd7
22. Bd2 Nb8 23. f4 Nbc6 24. Nd5 exf4 25. gxf4 Bh4 26. Bc3 Nxb5 27. cxb5 Nd4 28.
Bxd4 cxd4 29. Qxd4 Bxd5 30. Qxd5 Rc8 1/2-1/2

[Event "44th Chess Olympiad Open 2022"]
[Site "Chennai"]
[Date "2022.07.30"]
[Round "2.6"]
[White "Guseinov, Gadir"]
[Black "Barcenilla, Rogelio"]
[Result "1-0"]
[WhiteElo "2668"]
[BlackElo "2463"]
[Annotator "TA"]
[PlyCount "75"]
[EventDate "2022.07.29"]
[EventType "team-tourn"]
[EventCountry "IND"]
[SourceTitle "playchess.com"]
[Source "ChessBase"]
[SourceQuality "1"]
[WhiteTeam "Azerbaijan"]
[BlackTeam "Philippines"]
[WhiteTeamCountry "AZE"]
[BlackTeamCountry "PHI"]

1. e4 e5 2. Nf3 Nc6 3. Bb5 a6 4. Ba4 Nf6 5. O-O b5 6. Bb3 Be7 7. d3 d6 8. a3
O-O 9. Nc3 Bg4 10. Be3 Na5 11. Ba2 c5 12. Nd5 Nc6 13. c3 Be6 14. b4 Nd7 15. a4
cxb4 16. cxb4 Rb8 17. axb5 axb5 18. Qd2 Bf6 19. Rfc1 Ne7 20. Nxf6+ gxf6 21.
Bxe6 fxe6 22. Ra6 Nc8 23. Qa2 Re8 24. Nd2 Ndb6 25. Nb3 Na4 26. Na5 Qd7 27. Rac6
Qf7 28. Rc7 Qf8 29. Qe2 Nab6 30. Nc6 Ne7 31. Nxb8 Rxb8 32. Qg4+ Kf7 33. Qh5+
Kg8 34. Bxb6 Rxb6 35. Rxe7 Qxe7 36. Rc8+ Kg7 37. Qg4+ Kh6 38. Rg8 1-0

[Event "44th Chess Olympiad Open 2022"]
[Site "Chennai"]
[Date "2022.07.30"]
[Round "2.6"]
[White "Abasov, Nijat"]
[Black "Bersamina, Paulo"]
[Result "1-0"]
[WhiteElo "2633"]
[BlackElo "2429"]
[Annotator "TA"]
[PlyCount "81"]
[EventDate "2022.07.29"]
[EventType "team-tourn"]
[EventCountry "IND"]
[SourceTitle "playchess.com"]
[Source "ChessBase"]
[SourceQuality "1"]
[WhiteTeam "Azerbaijan"]
[BlackTeam "Philippines"]
[WhiteTeamCountry "AZE"]
[BlackTeamCountry "PHI"]

1. e4 e5 2. Nf3 Nc6 3. Bb5 a6 4. Ba4 Nf6 5. O-O Be7 6. Re1 b5 7. Bb3 O-O 8. a4
Bb7 9. d3 d6 10. Bd2 Qd7 11. Nc3 Na5 12. Ba2 c5 13. Ne2 b4 14. Ng3 Bd8 15. c3
Nc6 16. h3 bxc3 17. bxc3 Bc8 18. Bg5 h6 19. Be3 Ba5 20. Qc1 Kh7 21. Rd1 Qc7 22.
d4 cxd4 23. cxd4 Nxd4 24. Nxd4 Qxc1 25. Raxc1 exd4 26. Bxd4 Bb4 27. Rc7 Be6 28.
Bxe6 fxe6 29. Bxf6 Rxf6 30. Nh5 Rg6 31. f4 Rb8 32. g4 Bc5+ 33. Kf1 e5 34. f5
Rg5 35. Nf6+ Kh8 36. Nd7 Re8 37. Nxc5 dxc5 38. Kg2 Rb8 39. Kg3 Rb3+ 40. Kh4 Kh7
41. Rd8 1-0

[Event "44th Chess Olympiad Open 2022"]
[Site "Chennai"]
[Date "2022.07.30"]
[Round "2.6"]
[White "Paragua, Mark"]
[Black "Mamedov, Rauf"]
[Result "1/2-1/2"]
[WhiteElo "2461"]
[BlackElo "2656"]
[Annotator "TA"]
[PlyCount "75"]
[EventDate "2022.07.29"]
[EventType "team-tourn"]
[EventCountry "IND"]
[SourceTitle "playchess.com"]
[Source "ChessBase"]
[SourceQuality "1"]
[WhiteTeam "Philippines"]
[BlackTeam "Azerbaijan"]
[WhiteTeamCountry "PHI"]
[BlackTeamCountry "AZE"]

1. e4 c5 2. Nf3 Nc6 3. Bb5 g6 4. O-O Bg7 5. Re1 e5 6. Bxc6 dxc6 7. d3 Qe7 8. a3
Nf6 9. b4 O-O 10. bxc5 Nd7 11. a4 Nxc5 12. Ba3 b6 13. Nbd2 Be6 14. a5 Rfb8 15.
Qe2 Qc7 16. Ng5 h6 17. Bxc5 hxg5 18. axb6 axb6 19. Be3 Qd8 20. h3 f6 21. Reb1
b5 22. Nb3 Bxb3 23. cxb3 Qd7 24. Qc2 Bf8 25. Rc1 Rxa1 26. Rxa1 Rc8 27. Ra7 Rc7
28. Ra8 Rc8 29. Ra7 Rc7 30. Ra8 Rc8 31. Ra6 Bb4 32. Bc5 Bxc5 33. Qxc5 Qxd3 34.
Ra7 Qb1+ 35. Kh2 Qxe4 36. Qe7 Qf4+ 37. Kg1 Qc1+ 38. Kh2 1/2-1/2

[Event "44th Chess Olympiad Open 2022"]
[Site "Chennai"]
[Date "2022.07.30"]
[Round "2.6"]
[White "Gomez, John Paul"]
[Black "Durarbayli, Vasif"]
[Result "1/2-1/2"]
[WhiteElo "2451"]
[BlackElo "2638"]
[Annotator "TA"]
[PlyCount "62"]
[EventDate "2022.07.29"]
[EventType "team-tourn"]
[EventCountry "IND"]
[SourceTitle "playchess.com"]
[Source "ChessBase"]
[SourceQuality "1"]
[WhiteTeam "Philippines"]
[BlackTeam "Azerbaijan"]
[WhiteTeamCountry "PHI"]
[BlackTeamCountry "AZE"]

1. d4 d5 2. c4 c6 3. Nf3 Nf6 4. cxd5 cxd5 5. Nc3 Nc6 6. Bf4 a6 7. e3 Bg4 8. h3
Bxf3 9. Qxf3 e6 10. Bd3 Be7 11. O-O O-O 12. Bg5 Nd7 13. Bxe7 Qxe7 14. Rac1 Rac8
15. Bb1 f5 16. Qd1 Qb4 17. Rc2 Nb6 18. Ne2 Nc4 19. Nf4 Qe7 20. Nd3 Nb4 21. Nxb4
Qxb4 22. Qe2 a5 23. Rfc1 a4 24. Rc3 Rc6 25. b3 axb3 26. Rxb3 Qe7 27. Bd3 Rfc8
28. a4 Nd6 29. Rxc6 Rxc6 30. Rb1 Qc7 31. Qb2 Kf7 1/2-1/2

[Event "44th Chess Olympiad Open 2022"]
[Site "Chennai"]
[Date "2022.07.30"]
[Round "2.7"]
[White "Van Foreest, Jorden"]
[Black "Ferreira, Jorge Viterbo"]
[Result "1/2-1/2"]
[WhiteElo "2678"]
[BlackElo "2499"]
[Annotator "TA"]
[PlyCount "89"]
[EventDate "2022.07.29"]
[EventType "team-tourn"]
[EventCountry "IND"]
[SourceTitle "playchess.com"]
[Source "ChessBase"]
[SourceQuality "1"]
[WhiteTeam "Netherlands"]
[BlackTeam "Portugal"]
[WhiteTeamCountry "NED"]
[BlackTeamCountry "POR"]

1. Nf3 d5 2. g3 Nf6 3. Bg2 e6 4. O-O Be7 5. d4 O-O 6. Bf4 b6 7. c4 Bb7 8. Ne5
Qc8 9. Qc2 dxc4 10. Qxc4 Bxg2 11. Kxg2 Qb7+ 12. f3 Rc8 13. Nc3 c5 14. Rfd1 cxd4
15. Qxd4 Nc6 16. Nxc6 Rxc6 17. e4 b5 18. Rac1 h6 19. Ne2 Rd8 20. Qe3 Rxd1 21.
Rxd1 Rc2 22. Rd2 Rxd2 23. Qxd2 Nd7 24. Bd6 Bf6 25. b3 Qc6 26. Bb4 Ne5 27. h4 g5
28. hxg5 hxg5 29. Bc3 Qd7 30. Qxd7 Nxd7 31. Bxf6 Nxf6 32. Nd4 a6 33. Nc6 Nd7
34. e5 f6 35. exf6 Kf7 36. Kf2 Kxf6 37. Ke3 e5 38. Ke4 Ke6 39. Nd8+ Ke7 40. Nb7
Ke6 41. b4 Nf6+ 42. Kd3 Nd7 43. Nd8+ Ke7 44. Nb7 Ke6 45. Nd8+ 1/2-1/2

[Event "44th Chess Olympiad Open 2022"]
[Site "Chennai"]
[Date "2022.07.30"]
[Round "2.7"]
[White "Sousa, Andre Ventura"]
[Black "L'Ami, Erwin"]
[Result "1/2-1/2"]
[WhiteElo "2420"]
[BlackElo "2634"]
[Annotator "TA"]
[PlyCount "93"]
[EventDate "2022.07.29"]
[EventType "team-tourn"]
[EventCountry "IND"]
[SourceTitle "playchess.com"]
[Source "ChessBase"]
[SourceQuality "1"]
[WhiteTeam "Portugal"]
[BlackTeam "Netherlands"]
[WhiteTeamCountry "POR"]
[BlackTeamCountry "NED"]

1. d4 d5 2. Nf3 Nf6 3. Bf4 e6 4. e3 Bd6 5. Bxd6 cxd6 6. c4 Qb6 7. Qc2 Bd7 8.
Nc3 Na6 9. cxd5 Nb4 10. Qd2 Nbxd5 11. Bd3 Nxc3 12. bxc3 Bc6 13. O-O O-O 14. Qe2
Qa5 15. Rfc1 Rac8 16. Nd2 Rfe8 17. a4 Qg5 18. f4 Qh6 19. Nc4 Rcd8 20. Rf1 Be4
21. Nd2 Bxd3 22. Qxd3 d5 23. Rfb1 Re7 24. Rb3 Qg6 25. Qxg6 hxg6 26. Rab1 Rdd7
27. Kf2 Rc7 28. Ke2 Ne8 29. e4 Nd6 30. e5 Nc8 31. Kd3 Red7 32. Rb5 f6 33. Nb3
b6 34. a5 Kf7 35. Nd2 Rc6 36. axb6 Nxb6 37. Rc5 Rdc7 38. Rxc6 Rxc6 39. Ra1 Rc7
40. h4 Kg8 41. Nb3 Kh7 42. Nc5 Re7 43. g4 Kh6 44. exf6 gxf6 45. Re1 f5 46. gxf5
gxf5 47. Rxe6+ 1/2-1/2

[Event "44th Chess Olympiad Open 2022"]
[Site "Chennai"]
[Date "2022.07.30"]
[Round "2.7"]
[White "Santos, Jose Guilherme B Lim"]
[Black "Warmerdam, Max"]
[Result "0-1"]
[WhiteElo "2361"]
[BlackElo "2610"]
[Annotator "TA"]
[PlyCount "92"]
[EventDate "2022.07.29"]
[EventType "team-tourn"]
[EventCountry "IND"]
[SourceTitle "playchess.com"]
[Source "ChessBase"]
[SourceQuality "1"]
[WhiteTeam "Portugal"]
[BlackTeam "Netherlands"]
[WhiteTeamCountry "POR"]
[BlackTeamCountry "NED"]

1. d4 Nf6 2. c4 e6 3. Nf3 d5 4. Nc3 Nbd7 5. Bf4 Bb4 6. e3 c5 7. Bd3 cxd4 8.
exd4 dxc4 9. Bxc4 Nb6 10. Bd3 Nbd5 11. Bd2 O-O 12. O-O b6 13. a3 Be7 14. Re1
Bb7 15. Ne4 Rc8 16. Ne5 Rc7 17. Ng5 Bd6 18. Qb1 g6 19. Ne4 Nxe4 20. Bxe4 Qa8
21. Qd3 Nf6 22. Bxb7 Qxb7 23. Qf3 Qxf3 24. Nxf3 Nd5 25. Rac1 b5 26. Ba5 Rcc8
27. g3 Kg7 28. Kf1 b4 29. axb4 Nxb4 30. Ke2 Rb8 31. Bc7 Bxc7 32. Rxc7 a5 33.
Kf1 Rfc8 34. Rd7 Rd8 35. Rxd8 Rxd8 36. Ra1 Nc6 37. Ke2 Rb8 38. Ra2 Rb3 39. h3
Kf6 40. g4 g5 41. Ra3 Rxb2+ 42. Kf1 h6 43. Rc3 Rb6 44. Rc4 Ke7 45. h4 gxh4 46.
Nxh4 Kd6 0-1

[Event "44th Chess Olympiad Open 2022"]
[Site "Chennai"]
[Date "2022.07.30"]
[Round "2.8"]
[White "Kuzubov, Yuriy"]
[Black "Ashiku, Franc"]
[Result "1-0"]
[WhiteElo "2642"]
[BlackElo "2422"]
[Annotator "TA"]
[PlyCount "111"]
[EventDate "2022.07.29"]
[EventType "team-tourn"]
[EventCountry "IND"]
[SourceTitle "playchess.com"]
[Source "ChessBase"]
[SourceQuality "1"]
[WhiteTeam "Ukraine"]
[BlackTeam "Albania"]
[WhiteTeamCountry "UKR"]
[BlackTeamCountry "ALB"]

1. d4 Nf6 2. Nf3 g6 3. Nbd2 d5 4. e3 Bg7 5. b4 O-O 6. Bb2 Bf5 7. Be2 Ne4 8. O-O
Qd6 9. a3 Nd7 10. c4 c6 11. Nb3 g5 12. Rc1 Rac8 13. Nc5 b6 14. Nxe4 dxe4 15.
Nxg5 Qh6 16. f4 exf3 17. Nxf3 Qxe3+ 18. Kh1 Bg6 19. Re1 Nf6 20. Bf1 Qf4 21. g3
Qd6 22. Bg2 Ng4 23. Qe2 e6 24. c5 bxc5 25. dxc5 Qd3 26. Bxg7 Qxe2 27. Rxe2 Kxg7
28. Nd4 Bd3 29. Rd2 e5 30. h3 exd4 31. hxg4 Bb5 32. Rxd4 Rfe8 33. Ra1 Ba4 34.
Rd7 a5 35. Ra7 Ra8 36. Rxa8 Rxa8 37. Rf1 axb4 38. axb4 Bb5 39. Rf4 Ra2 40. g5
Rb2 41. Kg1 Kg6 42. Be4+ Kxg5 43. Bxh7 f6 44. Bf5 Ba6 45. Bd7 Bb5 46. Rg4+ Kh5
47. Rg8 Kh6 48. Bf5 Rxb4 49. Rg6+ Kh5 50. Kf2 Rc4 51. g4+ Kh4 52. Kf3 Rc3+ 53.
Kf4 Kh3 54. g5+ Kh2 55. gxf6 Bc4 56. Be4 1-0